[Event "La Pobla de Lillet op-B 29th"]
[Site "La Pobla de Lillet"]
[Date "2019.08.10"]
[Round "9"]
[White "Puig Carres, Josep"]
[Black "Vegara Gallego, Pere"]
[Result "1/2-1/2"]
[WhiteElo "1673"]
[BlackElo "1638"]
[PlyCount "119"]
[EventDate "2019.08.02"]
[EventType "swiss"]
[EventRounds "9"]
[EventCountry "ESP"]
[SourceTitle "EXT 2022"]
[Source "ChessBase"]
[SourceDate "2021.10.06"]
[SourceVersion "1"]
[SourceVersionDate "2021.10.06"]
[SourceQuality "1"]

1. c4 e5 2. Nc3 Bc5 3. Na4 Be7 4. d3 Nf6 5. g3 0-0 6. Bg2 Nc6 7. Nc3 h6 8. Nf3 d6 9. 0-0 Be6 10. a3 a5 11. b3 Qd7 12. Re1 Bg4 13. Be3 Bh3 14. Bh1 Ng4 15. Bd2 f5 16. Nd5 Bd8 17. e4 fxe4 18. dxe4 Qf7 19. Be3 Ne7 20. Nxe7+ Bxe7 21. Qd5 c6 22. Qxf7+ Rxf7 23. Nd2 Raf8 24. f3 Nxe3 25. Rxe3 h5 26. Rd3 g5 27. Bg2 Be6 28. h3 g4 29. h4 gxf3 30. Bxf3 Bg4 31. Rf1 Kg7 32. Bxg4 hxg4 33. Kg2 b5 34. cxb5 cxb5 35. Rd5 Rb8 36. Rxf7+ Kxf7 37. Nf1 a4 38. b4 Rc8 39. Ne3 Rc3 40. Nxg4 Rxa3 41. Rxb5 Rb3 42. h5 Ke6 43. Nh6 a3 44. Ra5 Rxb4 45. Rxa3 Rxe4 46. Kf3 Rc4 47. g4 Rf4+ 48. Kg3 Bg5 49. Nf5 e4 50. h6 Rf1 51. Kg2 Rb1 52. Ra6 Rd1 53. h7 Bf6 54. Ra8 d5 55. h8Q Bxh8 56. Rxh8 d4 57. Rh6+ Ke5 58. Nd6 Kf4 59. Rf6+ Kxg4 60. Nxe4 1/2-1/2

[Event "Figueres op-B 13th"]
[Site "Figueres"]
[Date "2012.08.12"]
[Round "5"]
[White "Puig Carres, Josep"]
[Black "Serra Canals, Oriol"]
[Result "0-1"]
[WhiteElo "1843"]
[BlackElo "1780"]
[PlyCount "70"]
[EventDate "2012.08.09"]
[EventType "swiss"]
[EventRounds "9"]
[EventCountry "ESP"]
[SourceTitle "EXT 2017"]
[Source "ChessBase"]
[SourceDate "2016.10.25"]
[SourceVersion "1"]
[SourceVersionDate "2016.10.25"]
[SourceQuality "1"]

1. c4 e6 2. Nf3 d5 3. Nc3 Nf6 4. cxd5 exd5 5. g3 Be7 6. Bg2 0-0 7. Qc2 c6 8. d4 Re8 9. 0-0 Nbd7 10. Re1 Nb6 11. b3 Bg4 12. Ne5 Bh5 13. Qf5 Nc8 14. Qd3 Bd6 15. f4 Ne7 16. Bh3 Bxe5 17. fxe5 Bg6 18. Qf3 Ne4 19. Nxe4 Bxe4 20. Qf2 Ng6 21. Rf1 Qe7 22. a4 b6 23. Ba3 Qb7 24. Rac1 Nf8 25. Bd6 Ne6 26. Qe3 h6 27. Bxe6 Rxe6 28. Rf2 f5 29. exf6 Rxd6 30. f7+ Kf8 31. Rcf1 Rc8 32. Qf4 Rd7 33. Qe5 Qc7 34. Qh5 Qd6 35. h4 Qxg3+ 0-1

[Event "Balaguer op 17th"]
[Site "Balaguer"]
[Date "2012.06.19"]
[Round "4"]
[White "Puig Carres, Josep"]
[Black "Vera Balague, Gabriel"]
[Result "1/2-1/2"]
[WhiteElo "1843"]
[BlackElo "2031"]
[PlyCount "86"]
[EventDate "2012.06.16"]
[EventType "swiss"]
[EventRounds "9"]
[EventCountry "ESP"]
[SourceTitle "EXT 2013"]
[Source "ChessBase"]
[SourceDate "2012.11.22"]
[SourceVersion "1"]
[SourceVersionDate "2012.11.22"]
[SourceQuality "1"]

1. c4 e5 2. Nc3 Nc6 3. g3 g6 4. Bg2 Bg7 5. d3 d6 6. Nf3 h6 7. Rb1 a5 8. 0-0 f5 9. e4 Nd4 10. exf5 Nxf3+ 11. Bxf3 Bxf5 12. Bxb7 Rb8 13. Bc6+ Bd7 14. Be4 Ne7 15. Nd5 Nf5 16. Ne3 0-0 17. Nxf5 gxf5 18. Bg2 Qe8 19. Bd2 a4 20. Ba5 Bc6 21. Bxc6 Qxc6 22. Qh5 f4 23. Bd2 f3 24. Bxh6 Rf6 25. Bxg7 Kxg7 26. Rfe1 Rh8 27. Qg4+ Kf7 28. Re4 Rhh6 29. Rbe1 Qb6 30. Qd7+ Kf8 31. Rf1 Qxb2 32. Qd8+ Kf7 33. Qxc7+ Kf8 34. Qd8+ Kf7 35. Qd7+ Kf8 36. Qxa4 Qb7 37. Qb5 Qc8 38. Rb1 Qh3 39. Qb8+ Kg7 40. Rb7+ Rf7 41. Rxf7+ Kxf7 42. Qc7+ Ke8 43. Qb8+ Ke7 1/2-1/2

[Event "Figueres op 12th"]
[Site "Figueres"]
[Date "2011.08.18"]
[Round "9"]
[White "Puig Carres, Josep"]
[Black "Guzman Maglaya, Noli"]
[Result "0-1"]
[WhiteElo "1838"]
[BlackElo "1977"]
[PlyCount "60"]
[EventDate "2011.08.11"]
[EventType "swiss"]
[EventRounds "9"]
[EventCountry "ESP"]
[SourceTitle "CBM 143 Extra"]
[Source "ChessBase"]
[SourceDate "2011.08.29"]
[SourceVersion "1"]
[SourceVersionDate "2011.08.29"]
[SourceQuality "1"]

1. c4 c6 2. g3 d5 3. cxd5 cxd5 4. Bg2 e5 5. d3 Nf6 6. Nc3 Nc6 7. a3 Be7 8. Bg5 Be6 9. Nf3 Qd7 10. 0-0 h6 11. Bxf6 Bxf6 12. Rb1 0-0 13. Na4 b6 14. Nc3 Rac8 15. Re1 g5 16. Qd2 Bg7 17. Red1 d4 18. Ne4 f5 19. Nexg5 hxg5 20. Qxg5 Bd5 21. Rdc1 Qe6 22. b4 Ne7 23. h4 Rc3 24. Nxd4 exd4 25. e4 Rxc1+ 26. Rxc1 fxe4 27. Rc7 Rf7 28. Kh2 Bc6 29. Rxa7 Qf6 30. dxe4 Qxg5 0-1

[Event "Figueres op 11th"]
[Site "Figueres"]
[Date "2010.08.16"]
[Round "7"]
[White "Garcia Castany, Jose"]
[Black "Puig Carres, Josep"]
[Result "0-1"]
[WhiteElo "1477"]
[BlackElo "1839"]
[PlyCount "70"]
[EventDate "2010.08.11"]
[EventType "swiss"]
[EventRounds "9"]
[EventCountry "ESP"]
[SourceTitle "CBM 137 Extra"]
[Source "ChessBase"]
[SourceDate "2010.09.01"]
[SourceVersion "1"]
[SourceVersionDate "2010.09.01"]
[SourceQuality "1"]

1. d4 d5 2. c4 e6 3. Nc3 Nf6 4. e3 Be7 5. Bd3 0-0 6. a3 a6 7. Nf3 dxc4 8. Bxc4 b5 9. Bd3 Bb7 10. 0-0 Nbd7 11. Qe2 c5 12. b3 Rc8 13. Bb2 h6 14. Rac1 Qb6 15. dxc5 Nxc5 16. Bc2 Rfd8 17. Rfd1 Nd5 18. Nxd5 Bxd5 19. Bd4 Qb7 20. Bxc5 Bxc5 21. b4 Be7 22. Qd3 Bf6 23. Qh7+ Kf8 24. e4 Bc6 25. Rxd8+ Rxd8 26. e5 Bg5 27. Nxg5 hxg5 28. Qh8+ Ke7 29. Qxg7 Rf8 30. Qxg5+ Kd7 31. Rd1+ Kc8 32. f3 Qa7+ 33. Kf1 Bd5 34. Qd2 Bc4+ 35. Ke1 Qg1# 0-1